000 01891cam a22004214i 4500
003 PE-LiUPU
005 20250731183335.0
020 _a9786071701473
035 _a(Sirsi) i9786071701473
040 _aPE-LiUPU
_bspa
_cPE-LiUPU
_erda
049 _aPRUA
082 0 4 _a745.2
_bA21
100 1 _aAcha, Juan,
_eautor.
245 1 0 _aIntroducción a la teoría de los diseños /
_cJuan Acha.
250 _aCuarta edición.
264 1 _aMéxico :
_bTrillas,
_c2012.
300 _a208 páginas :
_bilustraciones ;
_c25 centímetros
336 _atext
_2rdacontent
337 _aunmediated
_2rdamedia
338 _avolume
_2rdacarrier
504 _aIncluye bibliografía.
505 0 _aLo estético y lo artístico diferenciados -- La cultura estética, Occidente oculta las diferencias históricas -- Las artesanías -- Artes prerrenacentistas -- Las artes -- Artes renacentistas.
526 _aP158
526 _aP146
526 _aP17
526 _aP12
526 _aP06
650 1 4 _aDiseño decorativo.
910 _agl
_clch20131217
942 _2ddc
_cBOOK
949 _a745.2 A21
_wDEWEY
_c1
_i69774
_lCCODEBUL1
_mBUL
_p25.00
_r0
_sY
_tBOOK
_u2015-7-6
_xINGENIERIA
_PP06
_0COMPRA
_o.STAFF. Colección General
949 _a745.2 A21
_wDEWEY
_c2
_i69743
_d2015-9-3
_e2015-9-3
_lCCODEBUL1
_mBUL
_n2
_p25.00
_r0
_sY
_tBOOK
_u2015-7-6
_xINGENIERIA
_PP06
_0COMPRA
_o.STAFF. Colección General
994 _aC0
_bPEPRU
596 _a1
999 _a745.2 A21
_wDEWEY
_c6114
_i69774
_d6114
_f2021-11-5
_g7
_lCCODEBUL1
_mBUL
_p25.00
_q1
_r0
_sY
_tBOOK
_u2015-7-6
_xBIBLIOTECA
_PP06
_0COMPRA
_o.STAFF. Colección General
999 _a745.2 A21
_wDEWEY
_c2
_i69743
_d2018-5-16
_e2015-9-3
_f2021-11-10
_g7
_lCCODEBUL1
_mBUL
_n2
_p25.00
_q1
_r0
_sY
_tBOOK
_u2015-7-6
_xINGENIERIA
_PP06
_0COMPRA
_o.STAFF. Colección General
980 _81
_gALBERTO SANCHEZ Responsable de Automatización